| 000 | 00448nam a22001817a 4500 | ||
|---|---|---|---|
| 001 | 12985 | ||
| 005 | 20250620094254.0 | ||
| 008 | 250620b |||||||| |||| 00| 0 eng d | ||
| 020 | _a0435023373 | ||
| 040 | _aBSULIB | ||
| 082 |
_223 _a372.7 _bPRO |
||
| 100 |
_aBlair,John. T _917372 |
||
| 245 | _aProblem solving activities 4/ | ||
| 250 | _a1st ed. | ||
| 260 |
_aLondon: _bHeinemann, _c1995. |
||
| 300 |
_a71 P.; _bills.; _c23cm. |
||
| 942 |
_2ddc _cBK |
||
| 999 |
_c12985 _d12985 |
||